[Event "13. Int. Neckar-Open"]
[Site "Deizisau"]
[Date "2009.??.??"]
[Round "7"]
[White "Orzech, Dominik"]
[Black "Bachmann, Axel"]
[Result "0-1"]
[WhiteElo "2461"]
[BlackElo "2555"]
[PlyCount "136"]
[EventDate "2009.??.??"]
[EventCountry "GER"]

1. d4 Nf6 2. Nf3 g6 3. c4 Bg7 4. Nc3 O-O 5. Bg5 d6 6. e3 Nbd7 7. Be2 h6 8. Bh4
g5 9. Bg3 Nh5 10. Qc2 e6 11. Rd1 f5 12. O-O Ndf6 13. b4 Qe7 14. c5 Nxg3 15.
hxg3 Bd7 16. Rc1 Bc6 17. Bb5 Be4 18. Bd3 d5 19. Ne5 Rfc8 20. f3 Bxd3 21. Nxd3
c6 22. b5 Nh5 23. bxc6 Nxg3 24. cxb7 Qxb7 25. Rfe1 f4 26. Ne5 Bxe5 27. dxe5 Nf5
28. Nd1 Qb4 29. Nf2 fxe3 30. Ng4 Kg7 31. c6 Rc7 32. Nxe3 Qb6 33. Qf2 Nxe3 34.
Qxe3 Rac8 35. Qxb6 axb6 36. g4 Rxc6 37. Rxc6 Rxc6 38. a4 h5 39. gxh5 Kh6 40.
Rf1 Rc4 41. Rb1 Rc6 42. Rf1 Kxh5 43. f4 Rc4 44. Rb1 Kg6 45. Rxb6 Kf5 46. fxg5
Rxa4 47. Kf2 Rg4 48. Ke3 Kxe5 49. Rb8 Rxg5 50. Rf8 Rg3+ 51. Ke2 Ke4 52. Rh8 Rg4
53. Rh3 e5 54. Re3+ Kf5 55. Rf3+ Rf4 56. Ra3 d4 57. Rb3 Rh4 58. Rg3 Ke4 59. Rg2
d3+ 60. Kd2 Kd4 61. Rg8 Rh2+ 62. Ke1 e4 63. Rg1 Ra2 64. Rg4 Kc3 65. Rg3 e3 66.
Rxe3 Kc2 67. Kf2 d2 68. Re2 Kb1 0-1

[Event "13. Int. Neckar-Open"]
[Site "Deizisau"]
[Date "2009.??.??"]
[Round "8"]
[White "Fedorchuk, Sergey"]
[Black "Farago, Ivan"]
[Result "1/2-1/2"]
[WhiteElo "2656"]
[BlackElo "2491"]
[PlyCount "37"]
[EventDate "2009.??.??"]
[EventCountry "GER"]

1. e4 e6 2. d4 d5 3. Nd2 Be7 4. c3 c5 5. dxc5 Bxc5 6. Nb3 Bb6 7. exd5 exd5 8.
Nf3 Nc6 9. Bd3 Nf6 10. Qe2+ Be6 11. Ng5 Qd7 12. Nxe6 Qxe6 13. a4 a6 14. a5 Ba7
15. Bf4 O-O 16. O-O Qxe2 17. Bxe2 Rfe8 18. Rae1 Re4 19. Bd2 1/2-1/2

[Event "13. Int. Neckar-Open"]
[Site "Deizisau"]
[Date "2009.??.??"]
[Round "8"]
[White "Gyimesi, Zoltan"]
[Black "Rusev, Krasimir"]
[Result "1/2-1/2"]
[WhiteElo "2581"]
[BlackElo "2498"]
[PlyCount "37"]
[EventDate "2009.??.??"]
[EventCountry "GER"]

1. d4 d5 2. c4 c6 3. Nf3 Nf6 4. Nc3 dxc4 5. a4 Bf5 6. Ne5 Nbd7 7. Nxc4 Nb6 8.
Ne5 a5 9. f3 Nfd7 10. e4 Nxe5 11. dxe5 Be6 12. Qxd8+ Rxd8 13. Be3 Nd7 14. f4 g6
15. Be2 f6 16. exf6 exf6 17. Kf2 Bb4 18. Na2 Bxa2 19. Rxa2 1/2-1/2

[Event "13. Int. Neckar-Open"]
[Site "Deizisau"]
[Date "2009.??.??"]
[Round "8"]
[White "Bachmann, Axel"]
[Black "Peralta, Fernando"]
[Result "1/2-1/2"]
[WhiteElo "2555"]
[BlackElo "2559"]
[PlyCount "54"]
[EventDate "2009.??.??"]
[EventCountry "GER"]

1. e4 d6 2. d4 Nf6 3. Nc3 g6 4. Be3 Bg7 5. h3 O-O 6. Nf3 a6 7. Bd3 b5 8. a4 b4
9. Ne2 Bb7 10. Ng3 Nbd7 11. Qd2 c5 12. c3 bxc3 13. bxc3 Qa5 14. O-O Rfc8 15.
Rfb1 Rab8 16. Qe2 Bc6 17. Bd2 Rxb1+ 18. Bxb1 Ne8 19. Bd3 Rb8 20. Be1 Nc7 21. h4
Qb6 22. h5 cxd4 23. cxd4 Bxd4 24. a5 Qc5 25. Nxd4 Qxd4 26. Rc1 Nc5 27. Bc4 Bb5
1/2-1/2

[Event "13. Int. Neckar-Open"]
[Site "Deizisau"]
[Date "2009.??.??"]
[Round "8"]
[White "Corrales Jimenez, Fidel"]
[Black "Klovans, Janis"]
[Result "1-0"]
[WhiteElo "2574"]
[BlackElo "2415"]
[PlyCount "59"]
[EventDate "2009.??.??"]
[EventCountry "GER"]

1. e4 e5 2. Nf3 Nc6 3. Bb5 a6 4. Ba4 d6 5. O-O Bd7 6. d4 Nxd4 7. Bxd7+ Qxd7 8.
Nxd4 exd4 9. Qxd4 Nf6 10. Bg5 Be7 11. Nc3 h6 12. Bh4 Qg4 13. Qa4+ b5 14. Nxb5
O-O 15. Nd4 Qxe4 16. Bg3 Rfe8 17. Rae1 Qb7 18. Bh4 Kf8 19. Nf5 Bd8 20. b3 Rxe1
21. Rxe1 Qb5 22. Qf4 Qc6 23. h3 Qxc2 24. Nxh6 Qc3 25. Re3 Qa1+ 26. Kh2 Rb8 27.
Nf5 Nd5 28. Nxd6 Bf6 29. Qc4 cxd6 30. Qxd5 1-0

[Event "13. Int. Neckar-Open"]
[Site "Deizisau"]
[Date "2009.??.??"]
[Round "8"]
[White "Graf, Alexander"]
[Black "Swinkels, Robin"]
[Result "0-1"]
[WhiteElo "2601"]
[BlackElo "2499"]
[PlyCount "87"]
[EventDate "2009.??.??"]
[EventCountry "GER"]

1. d4 Nf6 2. Nf3 e6 3. e3 b6 4. Bd3 Bb7 5. O-O c5 6. Qe2 Be7 7. Nbd2 cxd4 8.
exd4 O-O 9. Nc4 d6 10. Bf4 Qc7 11. c3 Nbd7 12. h3 Rfe8 13. Bh2 a6 14. Rfe1 Nf8
15. a4 Nd5 16. Ne3 Nxe3 17. fxe3 Ng6 18. Rf1 Bf6 19. Nd2 e5 20. Qh5 exd4 21.
exd4 Re3 22. Bc4 Rae8 23. Bd5 Re2 24. Rf2 Rxf2 25. Kxf2 Qe7 26. Bxb7 Qe3+ 27.
Kf1 Bh4 28. g3 Qxd2 29. Kg1 Re2 30. gxh4 Re1+ 31. Rxe1 Qxe1+ 32. Kg2 Nxh4+ 33.
Qxh4 Qxh4 34. Bxd6 Qg5+ 35. Bg3 Qd2+ 36. Bf2 b5 37. a5 Qxb2 38. d5 Qxc3 39. d6
Qxa5 40. d7 Qd2 41. Bc6 b4 42. Kf3 b3 43. Ke4 b2 44. Bd4 0-1

[Event "13. Int. Neckar-Open"]
[Site "Deizisau"]
[Date "2009.??.??"]
[Round "8"]
[White "Dziuba, Marcin"]
[Black "Naiditsch, Arkadij"]
[Result "1/2-1/2"]
[WhiteElo "2535"]
[BlackElo "2700"]
[PlyCount "98"]
[EventDate "2009.??.??"]
[EventCountry "GER"]

1. d4 Nf6 2. c4 e6 3. Nc3 Bb4 4. g3 c5 5. Nf3 cxd4 6. Nxd4 Ne4 7. Qd3 Qa5 8.
Nb3 Nxc3 9. Bd2 Ne4 10. Qxe4 Bxd2+ 11. Nxd2 O-O 12. Bg2 Nc6 13. Qe3 d5 14. O-O
d4 15. Qd3 Rd8 16. f4 Nb4 17. Nb3 Qb6 18. Qd2 a5 19. c5 Qc7 20. a3 Nc6 21. Qd3
a4 22. Nd2 Ne7 23. Rac1 Ra5 24. Rc4 Nf5 25. Rfc1 e5 26. c6 b6 27. fxe5 Rxe5 28.
Be4 h5 29. Nf3 Ra5 30. Nxd4 Nd6 31. Rb4 Ba6 32. Qf3 Rc5 33. Rf1 Nc4 34. Nf5 Nd2
35. Qf4 Qxf4 36. Rxf4 Bxe2 37. Bg2 Nb3 38. Nd4 Nc1 39. Kf2 Bc4 40. Rxb6 Nd3+
41. Ke3 Nxf4 42. gxf4 g5 43. fxg5 Rxg5 44. Bh3 Re5+ 45. Kf4 Rc5 46. Bd7 Kf8 47.
Rb7 Bd5 48. Ra7 Bxc6 49. Nxc6 Rxd7 1/2-1/2

[Event "13. Int. Neckar-Open"]
[Site "Deizisau"]
[Date "2009.??.??"]
[Round "8"]
[White "Spoelman, Wouter"]
[Black "Schlosser, Philipp"]
[Result "1/2-1/2"]
[WhiteElo "2512"]
[BlackElo "2569"]
[PlyCount "145"]
[EventDate "2009.??.??"]
[EventCountry "GER"]

1. e4 e5 2. Nf3 Nc6 3. Bc4 Nf6 4. Ng5 d5 5. exd5 Na5 6. Bb5+ c6 7. dxc6 bxc6 8.
Be2 h6 9. Nf3 e4 10. Ne5 Bd6 11. d4 exd3 12. Nxd3 O-O 13. Bf4 c5 14. O-O Rb8
15. b3 c4 16. Bxd6 Qxd6 17. bxc4 Nxc4 18. Nd2 Be6 19. Nxc4 Bxc4 20. Bf3 Rfd8
21. Qd2 Qa3 22. Rfd1 Rb6 23. Qf4 Bxd3 24. Qc7 Rbd6 25. cxd3 R6d7 26. Qc1 Qxc1
27. Rdxc1 Rxd3 28. a4 Nd7 29. h3 Ne5 30. Be2 Rd2 31. Bb5 R8d6 32. Rc8+ Kh7 33.
Ra8 Nc6 34. a5 Rd1+ 35. Rxd1 Rxd1+ 36. Kh2 Nxa5 37. Rxa7 Nb3 38. Rxf7 Nc5 39.
Rc7 Ne4 40. Ba4 Rd4 41. Bc2 Kg8 42. f3 Nf6 43. Bg6 Kf8 44. Rf7+ Kg8 45. Re7 Kf8
46. Re6 Rd8 47. g4 Nd5 48. Kg3 Ne7 49. Be4 Kf7 50. Ra6 Nd5 51. Ra7+ Ne7 52. Ra6
Nd5 53. Ra8 Rd6 54. h4 Nc3 55. Kf4 Nxe4 56. Ra7+ Kf6 57. fxe4 g5+ 58. hxg5+
hxg5+ 59. Ke3 Rb6 60. Ra4 Rb3+ 61. Kd4 Rg3 62. Kd5 Rd3+ 63. Rd4 Re3 64. Rd1 Rg3
65. e5+ Ke7 66. Rd4 Rg1 67. Ra4 Rd1+ 68. Ke4 Rf1 69. Ra7+ Ke6 70. Ra6+ Ke7 71.
e6 Kf6 72. e7+ Kxe7 73. Rg6 1/2-1/2

[Event "13. Int. Neckar-Open"]
[Site "Deizisau"]
[Date "2009.??.??"]
[Round "9"]
[White "Farago, Ivan"]
[Black "Gyimesi, Zoltan"]
[Result "1/2-1/2"]
[WhiteElo "2491"]
[BlackElo "2581"]
[PlyCount "21"]
[EventDate "2009.??.??"]
[EventCountry "GER"]

1. d4 f5 2. c4 Nf6 3. g3 e6 4. Bg2 d5 5. Nf3 c6 6. Qc2 Bd6 7. O-O O-O 8. b3 Qe7
9. Bb2 b6 10. Nbd2 Bb7 11. Rac1 1/2-1/2

[Event "13. Int. Neckar-Open"]
[Site "Deizisau"]
[Date "2009.??.??"]
[Round "9"]
[White "Zaragatski, Ilja"]
[Black "Dziuba, Marcin"]
[Result "1/2-1/2"]
[WhiteElo "2428"]
[BlackElo "2535"]
[PlyCount "52"]
[EventDate "2009.??.??"]
[EventCountry "GER"]

1. Nf3 d5 2. g3 c6 3. Bg2 Bg4 4. c4 e6 5. O-O Nd7 6. cxd5 exd5 7. d3 Ngf6 8.
Nc3 Be7 9. h3 Bxf3 10. Bxf3 d4 11. Ne4 Nxe4 12. Bxe4 a5 13. Bg2 O-O 14. Bd2 Qb6
15. Qc2 Rfe8 16. Rfe1 Bb4 17. Rad1 Re5 18. e4 Rc5 19. Qb1 a4 20. a3 Bxd2 21.
Rxd2 Rb5 22. f4 Nc5 23. e5 Re8 24. Qc2 Nb3 25. Rdd1 Rc5 26. Qf2 Qd8 1/2-1/2

[Event "13. Int. Neckar-Open"]
[Site "Deizisau"]
[Date "2009.??.??"]
[Round "9"]
[White "Naiditsch, Arkadij"]
[Black "Pedersen, Steffen"]
[Result "1-0"]
[WhiteElo "2700"]
[BlackElo "2457"]
[PlyCount "92"]
[EventDate "2009.??.??"]
[EventCountry "GER"]

1. e4 e5 2. Nf3 Nc6 3. Bb5 a6 4. Ba4 Nf6 5. d3 d6 6. O-O Bd7 7. c3 g6 8. Re1
Bg7 9. Nbd2 O-O 10. Nf1 Qe8 11. Bc2 Nh5 12. Ng3 Nxg3 13. hxg3 Bg4 14. Qd2 Qd7
15. b4 d5 16. Bb3 dxe4 17. dxe4 Qxd2 18. Bxd2 Rfd8 19. Be3 h6 20. Bd5 Rab8 21.
a4 Ne7 22. Bc4 Kf8 23. a5 Bd7 24. Nd2 Bc6 25. f3 Ke8 26. Be2 f5 27. Ra2 Bd7 28.
Nb3 Be6 29. Ra3 Nc8 30. Nc5 Bf7 31. Bd3 Ne7 32. Bf1 c6 33. c4 fxe4 34. Nxe4 Nf5
35. Ba7 Ra8 36. Bb6 Rd7 37. Rd3 Rxd3 38. Bxd3 h5 39. g4 hxg4 40. fxg4 Nh6 41.
Nd6+ Ke7 42. Bc5 Be6 43. g5 Ng4 44. Bxg6 Kd7 45. Rd1 Rg8 46. Nf5+ Kc7 1-0

[Event "13. Int. Neckar-Open"]
[Site "Deizisau"]
[Date "2009.??.??"]
[Round "9"]
[White "Peralta, Fernando"]
[Black "Corrales Jimenez, Fidel"]
[Result "1/2-1/2"]
[WhiteElo "2559"]
[BlackElo "2574"]
[PlyCount "85"]
[EventDate "2009.??.??"]
[EventCountry "GER"]

1. d4 d5 2. c4 c6 3. Nf3 Nf6 4. Nc3 e6 5. e3 Nbd7 6. Bd3 dxc4 7. Bxc4 b5 8. Bd3
a6 9. e4 c5 10. d5 c4 11. Bc2 Bb7 12. O-O e5 13. Ne2 Bc5 14. b3 cxb3 15. axb3
O-O 16. Ng3 Rc8 17. Bb2 Re8 18. Qd2 Qb6 19. h3 Nf8 20. Rfc1 Ng6 21. Bd3 Nd7 22.
Bf1 Bf8 23. b4 Qd6 24. Bc3 Nb6 25. Qe3 Na4 26. Bd2 Ne7 27. Qa7 Rb8 28. Qe3 f5
29. Nxf5 Nxf5 30. exf5 Nb6 31. Ng5 Nxd5 32. Qb3 Be7 33. Ne4 Qd7 34. Nc5 Bxc5
35. Rxc5 Kh8 36. Re1 Rbd8 37. Bg5 Rc8 38. Rxc8 Qxc8 39. Bd3 h6 40. Be4 hxg5 41.
Bxd5 Bxd5 42. Qxd5 Qxf5 43. Re4 1/2-1/2

[Event "13. Int. Neckar-Open"]
[Site "Deizisau"]
[Date "2009.??.??"]
[Round "9"]
[White "Schlosser, Philipp"]
[Black "Rusev, Krasimir"]
[Result "0-1"]
[WhiteElo "2569"]
[BlackElo "2498"]
[PlyCount "70"]
[EventDate "2009.??.??"]
[EventCountry "GER"]

1. d4 d5 2. c4 c6 3. Nf3 Nf6 4. e3 Bf5 5. Nc3 e6 6. Nh4 Be4 7. f3 Bg6 8. Bd2
Be7 9. Qb3 Qc7 10. O-O-O dxc4 11. Bxc4 b5 12. Be2 a6 13. Nxg6 hxg6 14. f4 Nbd7
15. Bf3 Rc8 16. Kb1 c5 17. d5 c4 18. Qc2 e5 19. g4 Nc5 20. g5 Nfd7 21. h4 b4
22. Ne4 Nxe4 23. Bxe4 c3 24. bxc3 bxc3 25. Bc1 Bd6 26. Qe2 Qa5 27. Ka1 Ke7 28.
Bc2 Rb8 29. h5 Rb5 30. hxg6 Rhb8 31. Qc4 Rb4 32. Qc6 R4b6 33. Qc4 Rb4 34. Qc6
Nc5 35. fxe5 Rb1+ 0-1

[Event "13. Int. Neckar-Open"]
[Site "Deizisau"]
[Date "2009.??.??"]
[Round "9"]
[White "Swinkels, Robin"]
[Black "Bachmann, Axel"]
[Result "0-1"]
[WhiteElo "2499"]
[BlackElo "2555"]
[PlyCount "98"]
[EventDate "2009.??.??"]
[EventCountry "GER"]

1. e4 c5 2. Nf3 e6 3. d4 cxd4 4. Nxd4 Nc6 5. Nc3 Qc7 6. Be3 Nf6 7. Qd2 a6 8.
O-O-O b5 9. Bf4 Qb6 10. Nxc6 Qxc6 11. f3 Bb7 12. Ne2 d5 13. Nd4 Qc8 14. Bg5
dxe4 15. Bxf6 gxf6 16. fxe4 Qc7 17. Qf2 O-O-O 18. Qxf6 Bd6 19. Bxb5 Bf4+ 20.
Kb1 Be5 21. Nxe6 Bxf6 22. Nxc7 Kxc7 23. Rdf1 axb5 24. Rxf6 Rd7 25. Rhf1 Bxe4
26. Rxf7 Bxg2 27. Rxd7+ Kxd7 28. Rf5 Re8 29. b3 Re2 30. Rf7+ Re7 31. Rf5 Re1+
32. Kb2 Be4 33. Rf2 h5 34. Kc3 Rc1 35. Re2 Bf5 36. Kb2 Rg1 37. Re5 Bg6 38. Re2
h4 39. Kc3 h3 40. Re3 Bf5 41. Re5 Be6 42. Rxb5 Rg2 43. Rh5 Rxh2 44. a4 Rf2 45.
Kd3 Kd6 46. c4 Rf3+ 47. Kc2 Bf5+ 48. Kd2 Rd3+ 49. Ke1 Rxb3 0-1

[Event "13. Int. Neckar-Open"]
[Site "Deizisau"]
[Date "2009.??.??"]
[Round "9"]
[White "Bindrich, Falko"]
[Black "Spoelman, Wouter"]
[Result "1/2-1/2"]
[WhiteElo "2516"]
[BlackElo "2512"]
[PlyCount "150"]
[EventDate "2009.??.??"]
[EventCountry "GER"]

1. d4 Nf6 2. c4 e6 3. Nc3 Bb4 4. Qc2 O-O 5. a3 Bxc3+ 6. Qxc3 b6 7. Bg5 Bb7 8.
e3 d6 9. f3 h6 10. Bh4 Nbd7 11. Nh3 e5 12. Be2 Re8 13. O-O c5 14. dxe5 dxe5 15.
Rad1 Qe7 16. Nf2 Nf8 17. Rd2 Ng6 18. Bg3 Rad8 19. Rfd1 Rxd2 20. Rxd2 Nh5 21.
Bd3 Qg5 22. Be4 Nxg3 23. hxg3 Bc8 24. g4 h5 25. Bc6 Re6 26. Bd5 hxg4 27. Bxe6
Bxe6 28. fxg4 Bxg4 29. Qd3 Nf8 30. Nxg4 Qxg4 31. Rf2 f6 32. Qd5+ Kh7 33. b3 Ng6
34. Qf3 Qg5 35. Qh3+ Kg8 36. Rf5 Qh4 37. Qxh4 Nxh4 38. Rf1 Kf7 39. Kf2 Nf5 40.
Rh1 Nh6 41. Kf3 Ke6 42. Ke2 a5 43. Kd3 Kd6 44. Kc3 Kc6 45. Kd2 Kd7 46. Kc2 Kc7
47. Kd3 Kd6 48. Rb1 Nf7 49. Ke4 Ke6 50. b4 Nd6+ 51. Kd3 axb4 52. axb4 e4+ 53.
Kc3 Nf5 54. Re1 g5 55. g4 Nh6 56. Rg1 f5 57. gxf5+ Kxf5 58. bxc5 bxc5 59. Rd1
Kg4 60. Rd5 Kh4 61. Kd2 g4 62. Ke2 g3 63. Rxc5 Ng4 64. Kf1 Nxe3+ 65. Kg1 Kg4
66. Rc8 Nf5 67. c5 e3 68. Re8 Kf3 69. c6 e2 70. Rxe2 Kxe2 71. c7 Ne7 72. Kg2
Ke3 73. Kxg3 Nc8 74. Kh2 Kf2 75. Kh1 Kf3 1/2-1/2

[Event "13. Int. Neckar-Open"]
[Site "Deizisau"]
[Date "2009.??.??"]
[Round "9"]
[White "Lobzhanidze, Davit"]
[Black "Fedorchuk, Sergey"]
[Result "1/2-1/2"]
[WhiteElo "2497"]
[BlackElo "2656"]
[PlyCount "73"]
[EventDate "2009.??.??"]
[EventCountry "GER"]

1. e4 c5 2. Nf3 e6 3. d3 Nc6 4. c3 Nf6 5. g3 d6 6. Nbd2 Be7 7. Bg2 O-O 8. O-O
Rb8 9. Re1 b5 10. d4 cxd4 11. cxd4 Bb7 12. Nb3 Na5 13. Nxa5 Qxa5 14. d5 e5 15.
Bd2 Qd8 16. Qe2 Bc8 17. Rec1 Bd7 18. Qe1 Qb6 19. Ba5 Qa6 20. Bb4 Rfe8 21. Bf1
Qb7 22. Nd2 Rec8 23. Nb3 Ne8 24. Rxc8 Rxc8 25. Rc1 Bg5 26. Rxc8 Qxc8 27. Qc3
Qxc3 28. Bxc3 Bd8 29. Na5 Bb6 30. Bb4 Nc7 31. Bc3 Ne8 32. Nb3 Bd8 33. Na5 Bb6
34. Nc6 Nf6 35. Bd3 Ng4 36. Be1 a6 37. h3 1/2-1/2